00369nam a2200145Ia 45000030006000000080041000060400015000471000022000622450043000842500006001272600053001333000006001865460014001920050017002060STCL150530s9999 xx 000 0 und d aSTCLcSTCL aThayattu Sankaran aBharathiya Navothranathinte Rooparekha a1 bKerala Sahitya Academi; Thrissurc2000aThrissur a0 aMalayalam20220125171727.0